000 01266nam a2200217Ia 4500
003 Ost
005 20260507075640.0
008 260507s9999||||xx |||||||||||||| ||und||
040 _cfsecg
041 _aara
082 _a657.45
100 _aالصبان، محمد سمير
_eمؤلف
245 0 _aالمراجعة الخارجية :
_bالمفاهيم الأساسية وأليات التطبيق وفقا للمعايير المتعارف عليها والمعايير الدولية /
_c محمد سمير الصبان
260 _aالإسكندرية:
_bالدار الجامعية,
_c2002
300 _a414 صفحة؛
_c24 سم
520 _aنظرية المراجعة وبيئة عمل المراجعة ،طبيعة المراجعة وظرورة ايجاد نظرية لها معاير المراجعة المتعارف عليها ،مسؤولية المجتع الخارجي وأداب السلوك المهني ،مراجعة الميزانية وتقرير مراقب الحسابات ،مراجعة المخزون مراجعة دورة التمويل تقديم مراقب الحسابات
653 _aالحسابات
653 _aالمراجعة
700 _aعلى، عبدالوهاب نصر
_eمؤلف ثانوي
942 _cكتاب
999 _c45391
_d45391